000 00457nam a2200169 4500
003 CO-ViMGA
020 _a9789681826093
040 _aCO-ViMGA
_bspa
_cCO-ViMGA
082 0 4 _a615.902
_bA51c.
100 1 _aAlbert, Lilia A.
_94573
245 1 0 _aCurso Básico de toxicología ambiental /
_cLilia A. Albert.
250 _a2a. ed.
260 _aMéxico :
_bLimusa,
_c2014.
300 _a311 p. :
_b23 cm.
650 1 4 _aCiencias Médicas.
_94574
942 _2ddc
_cBK
999 _c35773
_d35773